| 000 | 01480nam a22002417a 4500 | ||
|---|---|---|---|
| 005 | 20210325191902.0 | ||
| 008 | s2537 th tha d | ||
| 041 | _atha | ||
| 090 | _aว TC401.S4S ท533ค 2537 ล.1 | ||
| 245 | 1 | 0 | _aโครงการศึกษาศักยภาพของการพัฒนาแหล่งน้ำในระดับลุ่มน้ำ สำหรับลุ่มน้ำภาคใต้ฝั่งตะวันออก รายงานฉบับสุดท้ายภาคผนวก พร้อมแผ่นดิสก์ข้อมูลอุตุ-อุทกวิทยา |
| 260 | 3 |
_aม.ป.ท. : _bม.ป.พ., _c2537 |
|
| 300 |
_a1 เล่ม : _b ตาราง, แผนที่ ; _c 29 ซม. |
||
| 650 | 0 | 4 | _aการพัฒนาลุ่มน้ำ -- วิจัย |
| 650 | 0 | 4 | _aการพัฒนาลุ่มน้ำ -- ไทย (ภาคใต้) -- วิจัย |
| 650 | 0 | 4 | _aการพัฒนาแหล่งน้ำ -- วิจัย |
| 650 | 0 | 4 | _aการพัฒนาแหล่งน้ำ -- แง่สิ่งแวดล้อม -- วิจัย |
| 650 | 0 | 4 | _aการพิทักษ์สิ่งแวดล้อม -- วิจัย |
| 650 | 0 | 4 | _aลุ่มน้ำ -- วิจัย |
| 850 | _aNALT | ||
| 942 | _cRSH | ||
| 997 |
_c000000000029860 _kVC |
||
| 998 | _aSANG-AROON ANU-KRAUGH | ||
| 999 |
_c29860 _d29860 |
||